| 000 | 00932nac a22003017a 4500 | ||
|---|---|---|---|
| 001 | BR0301992 | ||
| 003 | BR-BrBNA | ||
| 005 | 20240105122808.0 | ||
| 008 | 230509b bl.|||m| |||| 00| 0 por d | ||
| 040 |
_aBR-BrBNA _bpor _cBiblioteca Nacional de Agricultura |
||
| 072 | _aF01; F08 | ||
| 090 | _a1300 BR0301992 | ||
| 100 | 1 | _aNunes, M.U.C. | |
| 110 | 1 | _aEMBRAPA Tabuleiros Costeiros, Aracaju, SE (Brasil) | |
| 245 | 1 | _aProdução de mudas de hortaliças com o uso da plasticultura e do pó de coco | |
| 260 | 3 |
_aAracaju, SE (Brasil): _c2000. |
|
| 300 | _a29 p. | ||
| 490 |
_aCircular Técnica - EMBRAPA Tabuleiros Costeiros (Brazil) _vno. 13 _xISSN 1517-1310 |
||
| 500 | _a13 illus.; 5 tables | ||
| 650 | _aHORTALIÇA | ||
| 650 | _aCOCO | ||
| 650 | _aPÓ | ||
| 650 | _aMUDA | ||
| 650 | _aPLASTICULTURA | ||
| 650 | _aPRODUÇÃO VEGETAL | ||
| 909 |
_a202312 _bLúcia Elande _c55 _dLúcia Elande |
||
| 942 |
_2AGRIS _n0 _cMS |
||
| 999 |
_c292853 _d292853 |
||